000 00712nam a2200289Ia 4500
005 20260324134738.0
008 008 260324s9999 xx 000 0 eng d
020 _a9780203017838
037 _aEBOOK
040 _aCRL
040 _beng
040 _cCRL
041 _2eng
041 _aeng
084 _qCRL
100 _aDennis Gleeson; Chris Husbands
_91197987
245 4 _aThe Performing School
245 0 _bManaging teaching and learning in a performance culture
260 _bTaylor and Francis
260 _c2001
365 _a
365 _b230
856 _uhttp://www.taylorfrancis.com/books/9780203017838
942 _cEBOOK
999 _c1798380
_d1798380